ICFAI University Press on supply chain management : concepts and perspectives (Record no. 191283)

MARC details
000 -LEADER
fixed length control field 00468nam a2200157Ia 4500
005 - DATE AND TIME OF LATEST TRANSACTION
control field 20250421104921.0
008 - FIXED-LENGTH DATA ELEMENTS--GENERAL INFORMATION
fixed length control field 231217s9999 xx 000 0 und d
020 ## - INTERNATIONAL STANDARD BOOK NUMBER
International Standard Book Number 9788131403716
082 ## - DEWEY DECIMAL CLASSIFICATION NUMBER
Classification number 658.834 JAY;1 R
100 ## - MAIN ENTRY--PERSONAL NAME
Personal name Jaya Krishna, S ed.
245 #0 - TITLE STATEMENT
Title ICFAI University Press on supply chain management : concepts and perspectives
260 ## - PUBLICATION, DISTRIBUTION, ETC. (IMPRINT)
Date of publication, distribution, etc. 2006
Name of publisher, distributor, etc. Icfai
Place of publication, distribution, etc. Hyderabad
300 ## - PHYSICAL DESCRIPTION
Extent vii, 242
650 ## - SUBJECT ADDED ENTRY--TOPICAL TERM
Topical term or geographic name as entry element ICFAI,Press,supply,chain,management
942 ## - ADDED ENTRY ELEMENTS (KOHA)
Koha item type Books
Holdings
Date last seen Total Checkouts Full call number Accession number Old discount Cost, replacement price Price effective from Category Public note Lost status Damaged status Department Withdrawn status bill no. bill date Permanent Location Current Location Shelving location Entry date Vendor Cost, normal purchase price Grants Currency symbol Conversion rate Discount Discount type Date checked out
26/01/2024   658.834 JAY;1 R 72328   38.00 26/01/2024 Books 72328     Central Library   1993 17/07/2015 Central Library Central Library Central Library 11/01/2011 ICFAI Press 38.00 MBA RS 1   Rupees  
26/01/2024   658.834 JAY;2 R1 72329   38.00 26/01/2024 Books 72329     F-Block Annex   1993 07/04/2015 Central Library Central Library F-Block Library Annex 11/01/2011 ICFAI Press 38.00 MBA RS 1   Rupees  
23/07/2024 1 658.834 JAY;3 72619   38.00 26/01/2024 Books 72619     Central Library   1993 08/09/2015 Central Library Central Library Central Library 31/01/2011 ICFAI Press 38.00 MBA RS 1   Rupees 19/06/2024
03/07/2024 1 658.834 JAY;4 72620   38.00 26/01/2024 Books 72620     Central Library   1993 08/09/2015 Central Library Central Library Central Library 31/01/2011 ICFAI Press 38.00 MBA RS 1   Rupees 04/06/2024

© For any Suggestions or Query, please contact the library staff @ librarian@pes.edu or Phone: +9180 2672 1983/ 2108.